000 00555nam a22001937a 4500
003 KOHA_MİRAKIL
005 20251127082501.0
008 251127b tu ||||| |||| 00| 0 tur d
020 _a9789944880275
040 _aTR-AnABB
_btur
_cTR-AnABB
041 _atur
082 _a813.42
_bILH 2008
100 1 _aİlhan, Attila,
245 1 0 _aO sarışın kurt /
_cAttila İlhan
260 _aİstanbul :
_bTürkiye İş Bankası Kültür Yayınları,
_c2008
300 _a555 sayfa ;
_c20 cm
650 0 4 _aTürk edebiyatı, roman
942 _2ddc
_cBK
999 _c9651
_d9651
900 _bGizem YORULMAZ